000 00621nam a2200229Ia 4500
003 OSt
005 20220918105439.0
006 a|||||r|||| 00| 0
007 ta
008 220915b |||||||| |||| 00| 0 eng d
024 _a94,275
037 _cReference Collections
040 _aARTS
_cARTS
_beng
041 _2eng
_aeng
082 _aT4n1.N20, G0(RR)
100 _aHesth H. Frank Ed.
_91430
245 0 _aYearbook of the universities of the empire
260 _c1930
300 _a840p.
942 _hT4n1.N20, G0(RR)
_cREF
999 _c107328
_d107328